Prinzipien des deutschen Wirtschaftssystems

Guardado en:
Detalles Bibliográficos
Autor principal: Siebert, Horst
Formato: Libro
Lenguaje:alemán
Publicado: Kiel Institut für Weltwirtschaft 1990
Colección:Arbeitspapier Nr. 445
Etiquetas: Agregar Etiqueta
Sin Etiquetas, Sea el primero en etiquetar este registro!

MARC

LEADER 00000nam a2200000 4500
001 c032506
005 20250526075445.2
041 0 |a ger 
044 |a DE 
245 1 0 |a Prinzipien des deutschen Wirtschaftssystems  |c Horst Siebert 
264 1 |a Kiel  |b Institut für Weltwirtschaft  |c 1990 
300 |a 33 s. 
490 1 |a Arbeitspapier  |v Nr. 445 
830 0 |a Arbeitspapier  |v Nr. 445 
100 1 |a Siebert, Horst